01445nam a2200361Ia 4500001001200000003000800012006001900020007001500039008004100054020002500095020002200120040002100142035002100163050002400184100002900208245007900237260006900316300001700385490003900402500003200441504005100473533015200524600004600676600003800722600003500760650002900795650003200824655002900856710001700885830004000902856012600942999001501068ebr10284148CaPaEBRm u cr cn|||||||||070611s2007 nju sb 001 0 eng d z9780691133928 (pbk.) z0691133921 (pbk.) aCaPaEBRcCaPaEBR a(OCoLC)32985895014aBD450b.M774 2007eb1 aMulhall, Stephen,d1962-10aPhilosophical myths of the fallh[electronic resource] /cStephen Mulhall. aPrinceton, NJ ;aWoodstock :bPrinceton University Press,c2007. aviii, 126 p.1 aPrinceton monographs in philosophy aOriginally published: 2005. aIncludes bibliographical references and index. aElectronic reproduction.bPalo Alto, Calif. :cebrary,d2011.nAvailable via World Wide Web.nAccess may be limited to ebrary affiliated libraries.10aNietzsche, Friedrich Wilhelm,d1844-1900.10aWittgenstein, Ludwig,d1889-1951.10aHeidegger, Martin,d1889-1976. 0aFall of manxPhilosophy. 0aPhilosophical anthropology. 7aElectronic books.2local2 aebrary, Inc. 0aPrinceton monographs in philosophy.40uhttp://site.ebrary.com/lib/rucke/Doc?id=10284148zAn electronic book accessible through the World Wide Web; click to view c2550d2550